000 00688nam a2200289Ia 4500
008 160803s9999 xx 000 0 und d
020 _a9780979923821
100 _aLynch, Jay
245 _aOtto's orange day /
245 _cby Frank Cammuso & Jay Lynch.
260 _aNew York :
260 _bScholastic Inc.
260 _c2008
300 _a40 pages :
300 _bcolor illustrations ;
300 _c24 cm
650 _aCartoons and comics.
650 _aCats --
650 _aColor --
650 _aGenies --
650 _aOrange (Color) --
650 _xFiction.
650 _xFiction.
650 _xFiction.
650 _xFiction.
700 _a230
999 _c299849
_d299849